200 World Cities furthest from Larger City - Statistics

General Stats
  • This quiz has been taken 58 times
    29 since last reset
  • The average score is 122 of 200
Answers on the Map
Answers color-coded by a green-red scale on the quiz's map according to % correct below.
 
Answer Stats
D2L (km) City % Correct
2,096 Anchorage
92%
878 Berlin
92%
4,364 Cairo
92%
1,780 Kinshasa
92%
2,259 Paris
92%
839 Ulaanbaatar
92%
992 Addis Ababa
88%
1,612 Antananarivo
88%
841 Asuncion
88%
2,162 Auckland
88%
1,613 Bangkok
88%
956 Beijing
88%
1,871 Bogota
88%
619 Brasilia
88%
1,673 Buenos Aires
88%
675 Calgary
88%
1,216 Cape Town
88%
938 Caracas
88%
832 Casablanca
88%
2,587 Dar es Salaam
88%
4,997 Delhi
88%
1,205 Guangzhou
88%
782 Hanoi
88%
977 Harare
88%
740 Ho Chi Minh City
88%
3,851 Honolulu
88%
1,232 Istanbul
88%
5,771 Jakarta
88%
2,456 Johannesburg
88%
1,606 Khartoum
88%
1,304 Kolkata
88%
1,008 Kuala Lumpur
88%
757 Kyiv
88%
3,130 Lima
88%
2,505 Los Angeles
88%
1,053 Madrid
88%
2,781 Manila
88%
714 Melbourne
88%
1,753 Miami
88%
1,017 Mogadishu
88%
2,899 Moscow
88%
1,162 Mumbai
88%
668 Nairobi
88%
1,326 Reykjavik
88%
860 Rome
88%
636 Saint Petersburg
88%
1,141 Santiago
88%
13,773 Sao Paulo
88%
1,535 Seattle
88%
872 Seoul
88%
1,764 Shanghai
88%
693 Stockholm
88%
5,494 Sydney
88%
--- Tokyo
88%
1,002 Tripoli
88%
654 Adelaide
85%
1,129 Apia
85%
940 Atlanta
85%
693 Baghdad
85%
918 Bamako
85%
836 Bangalore
85%
1,158 Chicago
85%
714 Conakry
85%
941 Denver
85%
855 Dubai
85%
1,060 Guatemala City
85%
869 Juneau
85%
887 Karachi
85%
3,913 Lagos
85%
1,661 Manaus
85%
7,421 Mexico City
85%
3,361 New York
85%
1,436 Nuuk
85%
2,726 Perth
85%
587 Phoenix
85%
1,047 Port Moresby
85%
1,305 Riyadh
85%
582 Salt Lake City
85%
866 Sanaa
85%
1,336 Santo Domingo
85%
830 Sapporo
85%
751 Tashkent
85%
1,917 Tehran
85%
1,627 Urumqi
85%
927 Windhoek
85%
784 Bangui
81%
842 Chengdu
81%
1,284 Dallas
81%
718 Darwin
81%
991 Guayaquil
81%
1,405 Honiara
81%
845 Jeddah
81%
585 Kabul
81%
607 Male
81%
590 Murmansk
81%
627 Ouagadougou
81%
651 Praia
81%
1,083 Victoria
81%
577 Yangon
81%
831 Abidjan
77%
665 Almaty
77%
730 Brisbane
77%
832 Kano
77%
634 Monterrey
77%
1,291 Novosibirsk
77%
626 Recife
77%
1,333 Suva
77%
1,286 Alice Springs
73%
1,022 Fortaleza
73%
2,224 Majuro
73%
620 Winnipeg
73%
1,401 Yekaterinburg
73%
736 Arkhangelsk
69%
1,137 Belem
69%
651 Benghazi
69%
646 Cordoba
69%
639 Halifax
69%
607 Naha
69%
740 Nuku`alofa
69%
963 Salvador
69%
891 St. John's
69%
661 Surabaya
69%
875 Funafuti
65%
783 Lubumbashi
65%
609 Omsk
65%
1,617 Santa Cruz
65%
739 Douala
62%
974 Davao
58%
622 Las Palmas
58%
628 Merida
58%
1,331 Palikir
58%
661 Tarawa
58%
774 Makassar
54%
703 Stanley
54%
1,318 Yakutsk
54%
741 Mashhad
50%
1,295 Georgetown
46%
1,082 Townsville
46%
637 Krasnoyarsk
42%
847 Punta Arenas
42%
820 Iqaluit
38%
1,144 Hamilton
35%
3,535 Hanga Roa
35%
1,460 Noumea
35%
4,017 Papeete
35%
2,431 Edinburgh of the Seven Seas
31%
702 Iquitos
31%
1,822 Jayapura
31%
875 Magadan
31%
644 Broome
27%
1,880 Jamestown
27%
606 Kisangani
27%
1,321 Petropavlovsk-Kamchatskiy
27%
814 Salalah
27%
2,076 Adamstown
23%
1,455 Anadyr
23%
578 Bethel
23%
617 Campo Grande
23%
742 Longyearbyen
23%
667 Mount Isa
23%
603 Port Blair
23%
1,146 Avarua
19%
720 Changchun
19%
810 Kananga
19%
745 Al Jawf
15%
683 Ambon
15%
1,106 Comodoro Rivadavia
15%
1,455 Grytviken
15%
767 Kingston
15%
873 Koror
15%
721 Kupang
15%
784 Mirny
15%
976 Ponta Delgada
15%
1,052 Puerto Ayora
15%
585 Sabha
15%
641 Surgut
15%
702 Weno
15%
673 Kota Kinabalu
12%
604 Pontianak
12%
584 Thompson
12%
720 Waitangi
12%
599 Arawa
8%
650 Boa Vista
8%
918 Karratha
8%
876 Tiksi
8%
1,091 Nord
4%
705 Pikine
4%
1,077 Qaanaaq
4%
662 Tasiilaq
4%
637 Ust'-Nera
4%
616 Bilibino
0%
1,059 Curepipe
0%
624 Kavieng
0%
1,824 Maina
0%
660 Merauke
0%
840 Nanyang
0%
662 Neryungri
0%
844 Noginsk
0%
599 Port Mathurin
0%
598 Vila Velha
0%
No matching quizzes found
Score Distribution
Percent of People with Each Score
Percentile by Number Answered
Your Score History
You have not taken this quiz since the last reset